Đặc trưng văn hóa nghệ thuật dân gian ở hai nhánh Raglai Nam và Bắc tỉnh Ninh Thuận
Nhận diện về văn hóa phi vật thể cơ bản ở hai nhánh Raglai Nam và Bắc...Hát - kể chuyện cổ và hát - kể truyện sử - thi Raglai...Những nét đặc trưng và độc đáo của văn hóa - nghệ thuật dân gian Raglai ở hai nhánh Bắc và Nam...
Gardado en:
| Autor Principal: | |
|---|---|
| Formato: | Libro |
| Idioma: | Vietnamese |
| Publicado: |
H.
Hội nhà văn
2016
|
| Những chủ đề: | |
| Các nhãn: |
Engadir etiqueta
Sen Etiquetas, Sexa o primeiro en etiquetar este rexistro!
|
| Thư viện lưu trữ: | Mạng thư viện Đại học Đà Nẵng |
|---|
| LEADER | 01572nam a2200349 4500 | ||
|---|---|---|---|
| 001 | 000024843 | ||
| 003 | 21332 | ||
| 005 | 20170223090202.0 | ||
| 008 | 170221s2016 viesd | ||
| 041 | 0 | |a vie | |
| 082 | 1 | 4 | |a 398.20959758 |b HA-L |
| 100 | 1 | |a Hải Liên | |
| 245 | 1 | 0 | |a Đặc trưng văn hóa nghệ thuật dân gian ở hai nhánh Raglai Nam và Bắc tỉnh Ninh Thuận |c Hải Liên nghiên cứu, giới thiệu |
| 260 | |a H. |b Hội nhà văn |c 2016 | ||
| 300 | |a 565 tr. |c 21 cm. | ||
| 500 | |a ĐTTS ghi: Hội văn nghệ dân gian Việt Nam | ||
| 520 | 3 | |a Nhận diện về văn hóa phi vật thể cơ bản ở hai nhánh Raglai Nam và Bắc...Hát - kể chuyện cổ và hát - kể truyện sử - thi Raglai...Những nét đặc trưng và độc đáo của văn hóa - nghệ thuật dân gian Raglai ở hai nhánh Bắc và Nam... | |
| 650 | 0 | 4 | |a Văn hóa dân gian |x Người Raglai |z Ninh Thuận |
| 650 | 0 | 4 | |a Văn học dân gian |x Người Raglai |z Ninh Thuận |
| 653 | |a Văn hóa nghệ thuật | ||
| 653 | |a Ninh Thuận | ||
| 653 | |a Dân tộc Raglai | ||
| OWN | |a LSP | ||
| AVA | |a UDN50 |b LSP |d 398.20959758 HA-L |e available |t Error 5001 Not defined in file expand_doc_bib_avail. |f 1 |g 0 |h N |i 0 |k 1 | ||
| 999 | |a From the UDN01 | ||
| AVA | |a UDN50 |b LSP |d 398.20959758 HA-L |e available |t Error 5001 Not defined in file expand_doc_bib_avail. |f 1 |g 0 |h N |i 0 |k 1 | ||
| TYP | |a Monograph | ||
| TYP | |a Printed language | ||
| 980 | |a Mạng thư viện Đại học Đà Nẵng | ||